LEADER 01255nam 2200397 450 001 9910586683203321 005 20221012184040.0 010 $a1-83969-292-8 035 $a(CKB)4950000000721693 035 $a(NjHacI)994950000000721693 035 $a(EXLCZ)994950000000721693 100 $a20221012d2021 uy 0 101 0 $aeng 135 $aur||||||||||| 181 $ctxt$2rdacontent 182 $cc$2rdamedia 183 $acr$2rdacarrier 200 00$aRobotics software design and engineering /$fedited by Alejandro Rafael Garcia Ramirez, Augusto Loureiro da Costa 210 1$aLondon, England :$cIntechOpen,$d[2021] 210 4$dİ2021 215 $a1 online resource (186 pages) $cillustrations 311 $a1-83969-291-X 320 $aIncludes bibliographical references. 606 $aRobotics$xResearch 606 $aComputer software$xDevelopment 615 0$aRobotics$xResearch. 615 0$aComputer software$xDevelopment. 676 $a629.892 702 $aGarcia Ramirez$b Alejandro Rafael 702 $aCosta$b Augusto Loureiro da 801 0$bNjHacI 801 1$bNjHacl 906 $aBOOK 912 $a9910586683203321 996 $aRobotics Software Design and Engineering$92822936 997 $aUNINA